Floral biology of rubber and recommendations for increases in seed yield for plant breeding (Record no. 59472)

MARC details
000 -LEADER
fixed length control field 00451nam a2200145Ia 4500
100 ## - MAIN ENTRY--AUTHOR NAME
Personal name Sedgley M
245 #0 - TITLE STATEMENT
Title Floral biology of rubber and recommendations for increases in seed yield for plant breeding
260 ## - PUBLICATION, DISTRIBUTION, ETC. (IMPRINT)
Name of publisher Journal of the Rubber Research Institute of Sri Lanka
Year of publication 1986
300 ## - PHYSICAL DESCRIPTION
Number of Pages 13-Jan
650 ## - SUBJECT ADDED ENTRY--TOPICAL TERM
Topical Term Floral biology
650 ## - SUBJECT ADDED ENTRY--TOPICAL TERM
Topical Term Rubber
700 ## - ADDED ENTRY--PERSONAL NAME
Personal name Attanayake D P S T G
942 ## - ADDED ENTRY ELEMENTS (KOHA)
Koha item type Journals
Holdings
Withdrawn status Lost status Damaged status Not for loan Home library Current library Shelving location Date acquired Serial Enumeration / chronology Koha item type
      Journals RRII Library RRII Library Botany 17/12/2021 Volume 65, Issue Journals